01256cam a22003374a 450000100090000000300040000900500170001300800410003001000170007102000390008802000180012703500200014504000230016504200080018805000230019606000230021908200210024210000310026324501400029426000390043430000290047344000540050250400510055665000580060765000510066565000270071665000530074365000590079670000370085570000260089212544606OSt20180904201744.0010925s2002 maua b 001 0 eng  a 2001050357 a0792375424 (hardback : alk. paper) a9780792375425 a(DNLM)101128761 aDNLM/DLCcDLCdDLC apcc00aRC669.9b.F33 200210aWG 142bF142h 200200a616.107221bFSH1 aFactor, Stephen M.,d1942-10aHandbook of pathology and pathophysiology of cardiovascular disease /cby Stephen M. Factor, Maria A. Lamberti-Abadi, and Jacobo Abadi. aBoston :bKluwer Academic,cc2002. a312 p. :bill. ;c24 cm. 0aDevelopments in cardiovascular medicine ;vv. 240 aIncludes bibliographical references and index. 0aCardiovascular systemxPathophysiologyvCase studies. 0aCardiovascular systemxDiseasesvCase studies. 0aAutopsyvCase studies.12aCardiovascular DiseasesxpathologyvCase Report.12aCardiovascular DiseasesxphysiopathologyvCase Report.1 aLamberti-Abadi, Maria A.,d1964-1 aAbadi, Jacobo,d1963-